Statistics for They Shoot Pictures, Don't They? - films 601 to 620

Click here to take the quiz!

General Stats

  • This quiz has been taken 20 times
  • The average score is 9 of 20

Answer Stats

Answer% Correct
Jurassic Park
94%
Full Metal Jacket
81%
Terminator 2: Judgment Day
81%
Halloween
75%
Barton Fink
63%
Children of Men
50%
Deliverance
50%
Grey Gardens
44%
Pink Flamingos
44%
Being There
38%
Edvard Munch
31%
Hana-bi
31%
I Vitelloni
31%
Les Amants du Pont-Neuf
25%
Repulsion
25%
The Long Day Closes
25%
As I Was Moving Ahead Occasionally I Saw Brief Glimpses of Beauty
19%
Loves of a Blonde
19%
Symbiopsychotaxiplasm: Take One
19%
My Friend Ivan Lapshin
13%

Score Distribution

Percentile by Number Answered

Percent of People with Each Score

Your Score History

You have not taken this quiz